Štammy virusa tabačnoj mozaiky na Daľnem Vostoke ; A.V. Krylov, A. Ch. Čujan, R.V. Gnutova, N.V. Krylova, V.I. Stepanenko

Bibliographic Details
Main Authors: Krylov, A.V (Author), Čujan, A. Ch (Author), Gnutova, R.V (Author), Krylova, N.V (Author), Stepanenko, V.I (Author)
Format: Article
Language:Russian
PhysicalDescription:Tb. 3. Obr. 9. Res. angl.
Subjects:

MARC

LEADER 00000nab a2200000 a 4500
001 vtls000116304
003 SK-MaSNL
005 20260318122026.0
008 111031c1980 xo 0 rus
015 |a SNBRA19rr/mm-uuuuu 
035 |a CL0126409 
040 |a SNKBUCL  |b slo  |c SNKBUCL  |e AACR2 
041 0 |a rus 
044 |a xo  |c SK 
080 |a 632.1/.4  |2 1981 
080 |a 633.7  |2 1981 
245 0 0 |a Štammy virusa tabačnoj mozaiky na Daľnem Vostoke ; A.V. Krylov, A. Ch. Čujan, R.V. Gnutova, N.V. Krylova, V.I. Stepanenko 
300 |b Tb. 3. Obr. 9. Res. angl. 
650 0 7 |a tabak  |2 snkbucl  |9 4249 
650 0 7 |a vírusové choroby  |2 snkbucl  |9 949 
650 0 7 |a vírus tabakovej mozaiky  |2 snkbucl  |9 1430718 
655 7 |a články zo zborníkov  |2 snkbucl  |9 166140 
700 1 |a Krylov, A.V.  |4 aut  |9 1499072 
700 1 |a Čujan, A. Ch.  |4 aut  |9 1499073 
700 1 |a Gnutova, R.V.  |4 aut  |9 1499074 
700 1 |a Krylova, N.V.  |4 aut  |9 1499075 
700 1 |a Stepanenko, V.I.  |4 aut  |9 1499076 
773 0 |t Plant virology 1976  |d Bratislava : Veda, 1980  |g S. 175-186 
850 |a Slovenská národná knižnica v Martine  |a MTA001 
852 |a SNK  |b KIS3GCP 
958 |a RK 
992 |a RZB 
999 |c 2991026  |d 2992956